Štúdium hydrofilných vlastností fólií z biodegradovateľných polymérov

Enregistré dans:
Détails bibliographiques
Auteur principal: Bartoňová, Katarína (Auteur)
Autres auteurs: Černáková, Ľudmila (Directeur de thèse)
Format: Manuscrit Livre
Langue:slovaque
Publié: 2018
Sujets:
Accès en ligne:http://is.stuba.sk/zp/portal_zp.pl?podrobnosti=126499
Tags: Ajouter un tag
Pas de tags, Soyez le premier à ajouter un tag!

MARC

LEADER 00000ntm a22000003a 4500
001 stuzp68737
003 SK-STU
005 20180623210628.0
007 ta
008 150427s2015----xo-----f-mn---000-0-slo-d
040 |a STU  |b slo 
041 0 |a slo 
100 1 |a Bartoňová, Katarína  |u 049370  |4 aut  |U FCHPT Ústav prírodných a syntetických polymérov  |T FCHPT Oddelenie plastov, kaučuku a vlákien  |X 61115  |U C9370  |Y 128  |7 61115 
242 0 1 |a Hydrophilic properies study of foils from biodegradable polymers  |y eng 
245 1 0 |a Štúdium hydrofilných vlastností fólií z biodegradovateľných polymérov 
260 |c 2018 
650 4 |a polyhydroxybutyrát  |2 slo 
650 4 |a hydrofilnosť  |2 slo 
650 4 |a plazma  |2 slo 
650 4 |a koróna  |2 slo 
650 4 |a kyselina polymliečna  |2 slo 
650 4 |a hydrophilicity  |2 eng 
650 4 |a polylactic acid  |2 eng 
650 4 |a polyhydroxybutyrate  |2 eng 
650 4 |a plasma  |2 eng 
650 4 |a corona  |2 eng 
700 1 |a Černáková, Ľudmila  |u 049370  |k Z1  |4 ths  |U FCHPT Ústav prírodných a syntetických polymérov  |T FCHPT Oddelenie plastov, kaučuku a vlákien  |X 4689  |U C9370  |Y 128  |7 A000004689 
856 4 |u http://is.stuba.sk/zp/portal_zp.pl?podrobnosti=126499